01458agaaa2200265 45000010005000000030009000050050017000140070009000310080040000400400023000800410013001031000048001161300036001642450174002002500022003742600124003963000033005205080059005535200359006125380016009715460013009876500075010007000060010757000057011355127IT-RoPAU20220918181238.0d cvaizq50131s9999||||xx ||| | || ||und|| aIT-RoPAUcIT-RoPAU aITALIANO aCampus PaolinogCodice regista SPICS: 29726 aTOTUS TUUS-IL PAPA E LA MADONNA aTOTUS TUUS-IL PAPA E LA MADONNAcDiretto da: Campus PaolinopFATIMA SPERANZA DEL MONDO-TOTUS TUUS (GIOVANNI PAOLO II E LA MADONNA) (Rif. Codice opera principale : 85126) aEdizione Standard aROMA (ITALIA)bSAMPAOLO FILM AUDIOVISIVI / Distribuzione: MASTER VIDEOg"1989 (1° ed.: 1989 ; Ed. Lingua Orig.: 1989)" aVHSbsonoro, col.c35 minuti a"Fotografia: Campus Paolino; Musica: Lolini Ruggero; " aEDICOLE MARIANE PARTE INTEGRANTE DEL FASCINO DI ROMA ESPRESSIONE DI DEVOZIONE POPOLARE NELLE FORME PIU' SEMPLICI E SPONTANEE STRAORDINARIA RICCHEZZA TEOLOGICA DELLA DEVOZIONE MARIANA NEL PENSIERO DI PAPA GIOVANNI PAOLO II PREGHIERA DEL PAPA ALLA MADONNA DI FATIMA NUOVA CONSACRAZIONE DEL MONDO A MARIA GIOVANNI PAOLO II E LA MADONNA DOCUMENTARIO A COLORI aPAL, STEREO aITALIANO aDOCUMENTARIOeTV-PROGRAMMI RELIGIOSI [VHS]xCodice MATERIA SPICS: 9963 aCampus Paolino e(regista)gCodice regista SPICS: 29726 aLolini Ruggeroe(musica)gCodice Musica SPICS: 13188